Vlastnosti sietí vn s rôznym spôsobom zemnenia uzla : Habil.práca : Obh. 27.02.1978 /

Saved in:
Bibliographic Details
Main Author: Kvasnica, Pavol (Author)
Format: Manuscript Book
Published: Bratislava : SVŠT v Bratislave EF, 1978
Tags: Add Tag
No Tags, Be the first to tag this record!

MARC

LEADER 00000ntm a22000003a 4500
001 stu7276
005 20150617225704.5
008 ------s1978----------------------------d
040 |a STU  |b slo 
041 0
100 1 |a Kvasnica, Pavol  |4 aut 
245 1 |a Vlastnosti sietí vn s rôznym spôsobom zemnenia uzla :  |b Habil.práca : Obh. 27.02.1978 /  |c [aut.] Kvasnica,Pavol, Ing. CSc 
260 |a Bratislava :  |b SVŠT v Bratislave EF,  |c 1978 
300 |a 89 s :  |b príl 
996 |b 284ED00971  |c E*HABIL-59  |l EE01  |s A  |a 24  |w stu7276_0001 
996 |b 284ED00972  |c E*HABIL-60  |l EE01  |s A  |a 24  |w stu7276_0002